| 000 | 01017nam a22001937a 4500 | ||
|---|---|---|---|
| 999 |
_c61181 _d61181 |
||
| 005 | 20231227165228.0 | ||
| 008 | 231227s1980 ru ||||| |||| 00| 0 rus d | ||
| 041 | _arus | ||
| 080 | _a902(479.22)+94(479.22) И-90 | ||
| 245 |
_aИсторико-филологические разыскания = საისტორიო-ფილოლოგიური ძიებანი : _b Ч. 1 / _cР. В. Гордезиани , М. Д. Лордкипанизе и др. |
||
| 264 |
_aТбилиси : _bИздательство Тбилисского университета, _c1980. |
||
| 300 |
_a245 c.; _b22 см. |
||
| 653 | _aსაქართველოს არქეოლოგია. | ||
| 653 | _aსაქ. ენთმეცნიერება. | ||
| 653 | _a საქ. ისტორია. | ||
| 700 |
_aГордезиани, Р. В. _eრედაქტორი _920920 |
||
| 700 |
_aЛордкипанизе, М. Д. _eრედაქტორი _920921 |
||
| 942 |
_2udc _cᲬᲘᲒᲜᲘ |
||